Statystyki dla TRAP AFTER DEATH - wszystkie numery z albumu

Kliknij tutaj aby rozwiązać quiz!

Ogólne statystyki

  • Ten quiz został rozwiązany 2 razy
  • Średni wynik to 7 z 12

Statystyki odpowiedzi

NumerFeatTytuł PiosenkiWyświetlenia YoutubeOdtworzenia Spotify% Poprawnych
11.matiskater10K377tyś.749,124
100%
4.AleshenMODELKI532tyś.1,013,571
100%
2.---SKATE 31,5mln2,135,127
100%
1.---9 ŻYĆ2,5mln3,452,045
50%
9.Co CashDRIP216tyś.611,955
50%
8.---FAKE FREESTYLE376tyś.594,309
50%
7.Skengdo, AMFCK FAME172tyś.491,750
50%
12.ŻabsonK4FLE!4,5mln3,545,143
50%
5.---TROTYL195tyś.562,425
50%
10.---TSUNAMI329tyś.677,243
50%
3.---TORBA838tyś.1,239,359
0%
6.SimpsonTRAP FORTECA187tyś.470,198
0%

Rozkład punktacji

Percentyl według liczby udzielonych odpowiedzi

Procent ludzi z każdym wynikiem

Twoja historia wyników

Nie rozwiązałeś tego quizu